00478nam a22001457a 4500020001800000082001200018100002400030245006300054260005400117300000800171650002300179942000700202952010600209999001700315 a9789351485797 a230 RAZ aRazu, I John Mohan  aLiving Theologies: Reflections from Diverse Specifications aBangalorebCSIRS & Christian World Imprintsc2021 a361 aTheology-Christian cBK 001040708NFICaHMIbHMIcGENd2022-01-07g450.00l0o230 RAZp11004556r2026-01-16w2026-01-16yBK c23205d23205